Memori hit Samudera [ 24 lagu-lagu hit sepanjang masa

Bibliographic Details
Format: Book
Published: Kuala Lumpur : Rock records (M) Sdn. Bhd. , 2007
Subjects:

MARC

LEADER 00000cam a2200000 7i4500
001 0000185708
005 20140509.0
090 0 0 |a MUZ   |b SAM 
245 0 0 |a Memori hit Samudera [  |h cd music] :   |b 24 lagu-lagu hit sepanjang masa 
260 |a Kuala Lumpur :   |b Rock records (M) Sdn. Bhd. ,   |c 2007 
300 |a 2 CD music (120 minutes) 
500 |a Library has 1 copy 
650 0 0 |a Songs, Malay 
999 |a AV 34462   |b CD MUSIC   |c PINJAMAN   |e PERPUSTAKAAN KOMUNITI PETALING JAYA